000 00667nam a2200181Ia 4500
008 100920s9999 xx 000 0 und d
082 _b88257
_a51 0
100 _aदेशपांडे माधव काशीनाथ
245 _aप्रो. फडके-चरित्र आणि वाङ्रमय.
260 _b---
_c0
300 _a402
_bसाधी
365 _b0
520 _aचरित्र.
630 _aप्रो. फडके-चरित्र आणि वाङ्रमय.
650 _aचरित्र.
730 _aप्रो. फडके-चरित्र आणि वाङ्रमय.
942 _cBOOK
999 _c728762
_d728759